Сравнение характеристик систем массового обслуживания при приоритетном распределении ресурсов; Молодежь и современные информационные технологии; Т. 2

Bibliografiske detaljer
Parent link:Молодежь и современные информационные технологии: сборник трудов XII Всероссийской научно-практической конференции студентов, аспирантов и молодых ученых, г. Томск, 12-14 ноября 2014 г./ Национальный исследовательский Томский политехнический университет (ТПУ), Институт кибернетики (ИК) ; ред. кол. Е. А. Сикора [и др.].— , 2014
Т. 2.— 2014.— [С. 130-131]
Hovedforfatter: Апачиди К. Н.
Institution som forfatter: Национальный исследовательский Томский политехнический университет (ТПУ) Институт кибернетики (ИК) Кафедра вычислительной техники (ВТ)
Andre forfattere: Кацман Ю. Я. Юлий Янович (научный руководитель)
Summary:Заглавие с титульного экрана
Sprog:russisk
Udgivet: 2014
Serier:Информационные технологии в производстве и управлении
Fag:
Online adgang:http://earchive.tpu.ru/handle/11683/20261
http://www.lib.tpu.ru/fulltext/c/2014/C04/V2/058.pdf
Format: MixedMaterials Electronisk Book Chapter
KOHA link:https://koha.lib.tpu.ru/cgi-bin/koha/opac-detail.pl?biblionumber=610836

MARC

LEADER 00000naa2a2200000 4500
001 610836
005 20231101132628.0
035 |a (RuTPU)RU\TPU\conf\8469 
035 |a RU\TPU\conf\8467 
090 |a 610836 
100 |a 20150205d2014 k y0rusy50 ca 
101 0 |a rus 
102 |a RU 
105 |a y z 101zy 
135 |a drgn ---uucaa 
181 0 |a i  
182 0 |a b 
200 1 |a Сравнение характеристик систем массового обслуживания при приоритетном распределении ресурсов  |f К. Н. Апачиди  |g науч. рук. Ю. Я. Кацман 
203 |a Текст  |c электронный 
225 1 |a Информационные технологии в производстве и управлении 
230 |a 1 компьютерный файл (pdf; 295 Kb) 
300 |a Заглавие с титульного экрана 
320 |a [Библиогр.: с. 131 (1 назв.)] 
337 |a Adobe Reader 
461 1 |0 (RuTPU)RU\TPU\conf\7802  |t Молодежь и современные информационные технологии  |o сборник трудов XII Всероссийской научно-практической конференции студентов, аспирантов и молодых ученых, г. Томск, 12-14 ноября 2014 г.  |o в 2 т.  |f Национальный исследовательский Томский политехнический университет (ТПУ), Институт кибернетики (ИК) ; ред. кол. Е. А. Сикора [и др.]  |d 2014 
463 0 |0 (RuTPU)RU\TPU\conf\7813  |t Т. 2  |v [С. 130-131]  |d 2014 
610 1 |a труды учёных ТПУ 
610 1 |a электронный ресурс 
610 1 |a сравнения 
610 1 |a характеристики 
610 1 |a массовое обслуживание 
610 1 |a распределение 
610 1 |a ресурсы 
610 1 |a массовое обслуживание 
610 1 |a приоритетное распределение 
700 1 |a Апачиди  |b К. Н. 
702 1 |a Кацман  |b Ю. Я.  |c специалист в области информатики и вычислительной техники  |c доцент Томского политехнического университета, кандидат технических наук  |f 1948-  |g Юлий Янович  |2 stltpush  |4 727 
712 0 2 |a Национальный исследовательский Томский политехнический университет (ТПУ)  |b Институт кибернетики (ИК)  |b Кафедра вычислительной техники (ВТ)  |h 126  |2 stltpush  |3 (RuTPU)RU\TPU\col\18699 
801 2 |a RU  |b 63413507  |c 20210322  |g RCR 
856 4 |u http://earchive.tpu.ru/handle/11683/20261 
856 4 |u http://www.lib.tpu.ru/fulltext/c/2014/C04/V2/058.pdf 
942 |c BK